[Event "81st ARM-ch 2021"]
[Site "Yerevan"]
[Date "2021.02.20"]
[Round "5.3"]
[White "Gharibyan, Mamikon"]
[Black "Gabuzyan, Hovhannes"]
[Result "0-1"]
[WhiteElo "2423"]
[BlackElo "2557"]
[Annotator "TA"]
[PlyCount "94"]
[EventDate "2021.02.16"]
[EventType "tourn"]
[EventCountry "ARM"]
[SourceTitle "playchess.com"]
[Source "ChessBase"]
[SourceQuality "1"]

{[%evp 23,94,64,71,35,43,26,50,45,45,17,33,-14,29,32,90,94,96,98,86,105,104,-36,-22,-30,-32,-58,-67,-65,-57,-52,-61,-65,-70,-70,-74,-72,-65,-72,-62,-76,-31,-22,0,-69,-48,-81,0,0,0,0,0,0,0,-43,-43,-150,-172,-177,-152,-152,-152,-145,-154,-460,-452,-445,-445,-883,-873,-857,-844,-876,-868]} 1. d4 Nf6 2. c4 c5 3. d5 b5 4. cxb5 a6 5. bxa6 Bxa6 6. Nc3 d6 7. Nf3 g6 8. e4 Bxf1 9. Kxf1 Bg7 10. h3 O-O 11. g3 Qb6 $5 {[%mdl 4] Exploring less charted territory.} 12. Kg2 Na6 13. Re1 {A59: Benko/Volga Gambit: White castles by hand.} Nd7 14. a4 Rfb8 15. Ra3 {White is slightly better.} Nc7 16. Re2 Qa6 17. Bg5 h6 (17... Bxc3 $5 18. bxc3 (18. Rxc3 f6 $15) 18... Nb5 $11) 18. Bxe7 Re8 {[#]} (18... Rb4 $14) 19. Nb5 $146 ({Predecessor:} 19. Bh4 Ne5 20. Nxe5 Bxe5 21. Re1 g5 22. f4 Bxc3 23. Rxc3 Qxa4 24. fxg5 Rxe4 25. Qxa4 Raxa4 26. Rce3 Rxe3 27. Rxe3 h5 28. g6 fxg6 29. Rd3 Re4 30. Bf6 {½-½ (30) Decallonne,B-Coquemer,P France 1989}) 19... Qb6 20. Nxd6 (20. Nxc7 $6 Qxc7 21. Bh4 g5 $11) 20... Rxe7 21. Nc4 Qa6 {[#]} 22. b3 (22. d6 $1 $16 Ree8 23. dxc7 Qxc4 24. Rd2) 22... Nb6 $15 23. Nfd2 Rd7 24. Nxb6 Qxb6 25. Nc4 Qb7 26. Qd3 {[#]} Ne6 $1 27. a5 Nd4 28. Re3 Ra7 29. Nb6 Rd8 30. Ra4 Qc7 31. f4 h5 (31... g5 $5 {[%cal Rg5f4]} 32. Qf1 Qd6 $15) 32. h4 Nc6 33. Nc4 (33. Qb5 $11 Nd4 34. Qc4) 33... Nb4 $36 {[%mdl 2048] Black is pushing.} ({Much weaker is} 33... Nxa5 $6 34. d6 $11) 34. Qd1 f5 (34... Qb7 $17 35. Kh2 f5) 35. Rxb4 $1 $11 cxb4 36. e5 Qb7 37. Rd3 Bf8 38. Qf3 Bc5 39. d6 (39. Kh3 $15) 39... Qxf3+ $1 $17 40. Kxf3 Ra6 41. Rd5 Rc6 42. a6 {[#]} Ra8 {...Kf7 is the strong threat.} 43. a7 $2 {This costs White the game.} (43. e6 $17 {nothing else works.} Bxd6 44. Nxd6 (44. Rxd6 $2 Rxd6 45. Nxd6 Kf8 $19)) 43... Kf7 $19 {Black is clearly winning.} 44. Na5 {[#]} Ke6 $1 {[%mdl 512]} 45. Rd3 (45. Rd1 $142 Rb6 46. Rc1 (46. d7 $2 Be7 $19)) (45. Rd2 Rb6) 45... Rb6 46. d7 {[#]} Be7 $1 47. Nc4 Ra6 {Weighted Error Value: White=0.44/Black=0.07} 0-1

[Event "81st ARM-ch 2021"]
[Site "Yerevan"]
[Date "2021.02.20"]
[Round "5.4"]
[White "Pashikian, Arman"]
[Black "Harutyunian, Tigran K."]
[Result "1-0"]
[WhiteElo "2606"]
[BlackElo "2549"]
[Annotator "TA"]
[PlyCount "99"]
[EventDate "2021.02.16"]
[EventType "tourn"]
[EventCountry "ARM"]
[SourceTitle "playchess.com"]
[Source "ChessBase"]
[SourceQuality "1"]

{[%evp 20,99,35,33,29,39,38,0,0,0,10,0,0,3,104,116,110,56,83,72,145,157,147,128,163,129,166,152,171,163,163,163,168,152,151,146,243,247,338,351,342,315,359,302,669,658,588,492,476,470,554,554,554,548,541,531,643,643,643,637,6231,1488,29973,29974,29974,29975,29975,29976,29976,29977,29977,29978,29979,29980,29980,29981,29981,29982,29982,29983,29983,29984]} 1. d4 Nf6 2. c4 g6 3. Nc3 d5 4. cxd5 Nxd5 5. e4 Nxc3 6. bxc3 Bg7 7. Be3 c5 8. Nf3 Qa5 9. Qd2 O-O 10. Rc1 Bg4 11. d5 b5 {D85: Exchange Grünfeld: Unusual White 7th moves and lines with 7 Nf3.} 12. Be2 Nd7 13. h3 $5 {[%mdl 4] A promising side line.} Bxf3 {The position is equal.} 14. Bxf3 c4 15. O-O Rac8 16. Bg4 {[#]} f5 $146 (16... Rcd8 $11) ({Predecessor:} 16... Rcd8 17. f4 Qa3 18. Bxd7 Rxd7 19. f5 gxf5 20. Rxf5 e6 21. Rg5 f6 22. Rg3 exd5 23. exd5 {1-0 (65) Bosiocic,M (2598)-Ragger,M (2669) Zagreb 2019}) 17. exf5 $16 gxf5 {[#]} 18. Be2 (18. d6 $1 $16 {[%cal Rd6e7]} e6 19. Bh5) 18... Nf6 {Threatening ...Ne4.} 19. Bf3 {White stays focused until the end.} Rcd8 {[#]} (19... Nd7 $142) 20. Bd4 $1 Rf7 21. Rcd1 Rd6 22. Qc2 Qd8 23. Be5 ({Resist} 23. Qxf5 $6 Nxd5 24. Qg4 Rg6 $16) 23... Ne4 24. Bxe4 Bxe5 25. Bxf5 {aiming for Be6.} Kh8 26. Be6 Rf8 27. Rfe1 Bg7 (27... Bf6 $16 28. a4 bxa4) 28. Re4 $18 Rf6 29. Rh4 {[%csl Gc2][%cal Rh4h7]} h6 30. Rdd4 Qa5 31. Rdf4 {Black must now prevent Rxf6.} Rdxe6 ({Much worse is} 31... Rxf4 32. Rxf4 Rd8 33. Rh4 $18) (31... Qa4 32. Qxa4 bxa4 33. Rxc4 Rb6) 32. dxe6 Rxe6 33. Re4 Rxe4 34. Rxe4 ({Weaker is} 34. Qxe4 Qxc3 35. Qxe7 Qa1+ 36. Kh2 Qe5+ 37. Qxe5 Bxe5+ 38. f4 Bg7 $18) 34... Qxc3 35. Qxc3 Bxc3 36. Rxe7 {[%mdl 4096] Endgame KR-KB} Bd4 37. Rb7 Bb6 38. Kf1 b4 39. Ke2 b3 {[#]} 40. axb3 (40. Rxb6 $142 $1 {[%mdl 512]} axb6 41. axb3 cxb3 42. Kd2) 40... cxb3 {[#]} 41. Rxb6 $1 {[%mdl 512] White mates.} axb6 {K3P-K3P} 42. Kd2 Kg7 43. g4 Kf6 44. f4 Ke6 45. Kc3 Kd5 46. Kxb3 Ke4 47. f5 Kd5 48. Kb4 Kc6 49. h4 Kd6 50. g5 {Weighted Error Value: White=0.10/Black=0.48} 1-0

[Event "81st ARM-ch 2021"]
[Site "Yerevan"]
[Date "2021.02.20"]
[Round "5.5"]
[White "Ter-Sahakyan, Samvel"]
[Black "Petrosian, Tigran L."]
[Result "1/2-1/2"]
[WhiteElo "2640"]
[BlackElo "2601"]
[Annotator "ChessBase"]
[PlyCount "106"]
[EventDate "2021.02.16"]
[EventType "tourn"]
[EventCountry "ARM"]
[SourceTitle "playchess.com"]
[Source "ChessBase"]
[SourceQuality "1"]
[TimeControl "40/5400+30:1800+30"]

1. e4 {[%emt 0:00:00]} c6 {[%emt 0:07:05]} 2. d4 {[%emt 0:00:59]} Na6 {[%emt 0:00:31]} 3. Nc3 {[%emt 0:05:03]} Nc7 {[%emt 0:00:17]} 4. Be3 {[%emt 0:02:14]} d5 {[%emt 0:01:37]} 5. e5 {[%emt 0:00:16]} Bf5 {[%emt 0:00:22]} 6. Nce2 {[%emt 0:04:22]} e6 {[%emt 0:04:48]} 7. Ng3 {[%emt 0:00:37]} Bg6 {[%emt 0:00:57]} 8. N1e2 {[%emt 0:09:09]} h6 {[%emt 0:07:11]} 9. Nf4 {[%emt 0:00:53]} Bh7 {[%emt 0:00:05]} 10. h4 {[%emt 0:10:54]} Qd7 {[%emt 0:04:05]} 11. Bd3 {[%emt 0:01:08]} Bxd3 {[%emt 0:00:24]} 12. Nxd3 {[%emt 0:00:31]} O-O-O {[%emt 0:02:59]} 13. c3 {[%emt 0:02:49]} Kb8 {[%emt 0:09:34]} 14. a4 {[%emt 0:02:07]} Ne7 {[%emt 0:05:18]} 15. b4 {[%emt 0:06:42]} Nf5 {[%emt 0:02:17]} 16. h5 {[%emt 0:06:40]} Nxe3 {[%emt 0:15:05]} 17. fxe3 {[%emt 0:00:05]} Be7 {[%emt 0:00:35]} 18. Ne2 {[%emt 0:01:44]} b6 {[%emt 0:06:19]} 19. O-O {[%emt 0:03:18]} Rdf8 {[%emt 0:08:35]} 20. Nef4 {[%emt 0:01:37]} Rhg8 {[%emt 0:00:21]} 21. Qg4 {[%emt 0:04:25]} Qc8 {[%emt 0:05:31]} 22. Rfb1 {[%emt 0:04:30]} Qe8 {[%emt 0:07:19]} 23. Qe2 {[%emt 0:04:32]} a6 {[%emt 0:01:54]} 24. a5 {[%emt 0:05:55]} b5 {[%emt 0:00:11]} 25. Rf1 {[%emt 0:00:07]} g5 {[%emt 0:01:00]} 26. hxg6 {[%emt 0:09:49]} fxg6 {[%emt 0:00:05]} 27. g3 {[%emt 0:01:42]} h5 {[%emt 0:01:58]} 28. Rf2 {[%emt 0:02:32]} Rf5 {[%emt 0:00:41]} 29. Raf1 {[%emt 0:00:21]} Rgf8 {[%emt 0:00:14]} 30. Nc5 {[%emt 0:02:43]} Bxc5 {[%emt 0:00:30]} 31. bxc5 {[%emt 0:00:03]} Kb7 {[%emt 0:01:43]} 32. Nh3 {[%emt 0:01:48]} Qd8 {[%emt 0:02:05]} 33. Nf4 {[%emt 0:02:09]} Qg5 {[%emt 0:01:57]} 34. Kg2 {[%emt 0:00:36]} Qh6 {[%emt 0:00:14]} 35. Rh1 {[%emt 0:02:13]} Qh7 {[%emt 0:01:11]} 36. g4 {[%emt 0:01:15]} R5f7 {[%emt 0:00:12]} 37. Kg1 {[%emt 0:01:04]} g5 {[%emt 0:00:32]} 38. Nd3 {[%emt 0:00:46]} h4 {[%emt 0:00:40]} 39. Rxf7 Rxf7 {[%emt 0:00:36]} 40. Nf2 {[%emt 0:00:00]} b4 {[%emt 0:00:00]} 41. cxb4 {[%emt 0:05:34]} Nb5 {[%emt 0:02:06]} 42. Qd2 {[%emt 0:05:21]} Rf8 {[%emt 0:14:13]} 43. Rh3 {[%emt 0:13:18]} Qf7 {[%emt 0:05:45]} 44. Rh2 {[%emt 0:00:17]} Qg6 {[%emt 0:06:50]} 45. Rh3 {[%emt 0:04:03]} Ka7 {[%emt 0:00:40]} 46. Rh2 {[%emt 0:02:24]} Qb1+ {[%emt 0:02:59]} 47. Kg2 {[%emt 0:00:14]} Qh7 {[%emt 0:00:10]} 48. Kg1 {[%emt 0:00:26]} Kb8 {[%emt 0:01:55]} 49. Rh3 {[%emt 0:00:18]} Kc8 {[%emt 0:00:19]} 50. Qd3 {[%emt 0:01:22]} Qxd3 {[%emt 0:02:18]} 51. Nxd3 {[%emt 0:00:05]} Nc3 {[%emt 0:00:07]} 52. Kg2 {[%emt 0:01:33]} Ne4 {[%emt 0:00:14]} 53. Rf3 {[%emt 0:01:47]} Rxf3 {[%emt 0:00:06]} 1/2-1/2

[Event "81st ARM-ch 2021"]
[Site "Yerevan"]
[Date "2021.02.20"]
[Round "5.6"]
[White "Martirosyan, Haik M."]
[Black "Sargsyan, Shant"]
[Result "1/2-1/2"]
[WhiteElo "2622"]
[BlackElo "2596"]
[Annotator "TA"]
[PlyCount "89"]
[EventDate "2021.02.16"]
[EventType "tourn"]
[EventCountry "ARM"]
[SourceTitle "playchess.com"]
[Source "ChessBase"]
[SourceQuality "1"]

{[%evp 12,89,14,22,44,2,8,18,24,0,0,-8,-7,0,0,-21,-9,-28,0,-7,0,-28,0,-40,0,0,0,-3,3,3,3,4,7,0,0,-27,-20,-88,-75,-93,-88,-47,-47,-218,-47,-36,-22,-30,-7,-4,-8,-8,-8,-8,-5,-595,-587,-561,-573,-491,-282,-272,-267,-240,-59,-62,0,0,0,-62,-62,-60,-60,-47,-15,-15,-15,-16,-6,-6]} 1. e4 c5 2. Nf3 d6 3. d4 cxd4 4. Nxd4 Nf6 5. Nc3 a6 6. h3 e5 7. Nde2 h5 {B90: Sicilian Najdorf: Unusual White 6th moves, 6 Be3 Ng4 and 6 Be3 e5.} 8. g3 Be6 9. Bg2 b5 10. a4 b4 11. Nd5 Nxd5 12. exd5 Bf5 13. f4 Nd7 14. O-O {[#] aiming for fxe5.} Rc8 {With the idea ...Qb6+.} 15. c3 (15. fxe5 Bxc2 16. Qe1 Qb6+ 17. Kh1 dxe5 $17) 15... Qb6+ 16. Kh1 {[#]} bxc3 $146 ({Predecessor:} 16... g6 17. Re1 Be7 18. Bd2 bxc3 19. Bxc3 O-O 20. Ng1 Qf2 21. Rf1 Qxg3 22. Ra3 Qd3 {0-1 (35) Agdelen,H (2309)-Gokerkan,C (2321) Izmir 2017}) 17. bxc3 {Threatens to win with fxe5.} (17. Nxc3 {feels hotter.} g6 18. fxe5 dxe5 19. Qe2 Bg4 20. Qe1) 17... Bh7 18. a5 Qc7 19. Ba3 Be7 20. fxe5 Nxe5 21. Nd4 O-O 22. Nc6 Bf6 23. Bb4 Rfe8 {[%cal Re5c6]} 24. Rf4 (24. Qxh5 $11 {keeps the balance.} Bg6 25. Qd1) 24... Bg5 25. Rd4 Be3 (25... Nxc6 $6 26. dxc6 d5 27. Qxh5 $11) 26. Rh4 Bg6 ({Not} 26... Nxc6 27. Qxh5 (27. dxc6 g5 $16) 27... Bh6 28. dxc6 $16) 27. Rxh5 $2 (27. Kh2 $1 $15) 27... Bxh5 $2 ({Less strong is} 27... Nxc6 28. dxc6 Bxh5 29. Qxh5 $15) (27... Nd3 $19 {And now ...Nf2+ would win.} 28. Qf3 Bf2) 28. Qxh5 $15 Nxc6 29. dxc6 d5 30. Bxd5 {Bd6! is the strong threat.} Re5 $1 {[%cal Re5h5]} 31. Qf3 {[#] Black must now prevent c4.} ({Avoid the trap} 31. Bxf7+ $2 Qxf7 32. Qxe5 Re8 $19) 31... Rxd5 $1 32. Qxd5 Qxg3 {[%cal Rg3h3]} 33. Qf5 {[%mdl 8192]} (33. Qg2 $1 $11 Bf4 34. Qxg3 Bxg3 35. Kg2) 33... Rxc6 $19 34. Qg4 Qe5 35. Rf1 Rg6 (35... Ba7 $142 36. Qd1 Bb8) 36. Qc8+ Kh7 {( -> ...Qe4+)} 37. Qf5 Qg3 ({Better is} 37... Qb8 $19 38. Qh5+ Kg8) 38. Qh5+ $15 Rh6 ({Black should play} 38... Kg8 $15 39. Qf3 Ba7 40. Qxg3 Rxg3) 39. Qf5+ $11 Rg6 (39... Qg6 $11) 40. Qh5+ $15 Bh6 {[%csl Gg6][%cal Rg3g2]} 41. Qf3 Qg5 42. c4 Qh4 43. Be1 {[%cal Re1h4] The position is equal.} Qxc4 {Strongly threatening ...Rf6.} 44. Qxf7 Qc2 {[%csl Gg6][%cal Rc2g2]} 45. Qf2 $1 {[%cal Rf2c2] Black had all chances to win.  Weighted Error Value: White=0.27/Black=0.27} 1/2-1/2

[Event "81st ARM-ch 2021"]
[Site "Yerevan"]
[Date "2021.02.22"]
[Round "6.1"]
[White "Sargsyan, Shant"]
[Black "Gharibyan, Mamikon"]
[Result "1-0"]
[WhiteElo "2596"]
[BlackElo "2423"]
[Annotator "TA"]
[PlyCount "121"]
[EventDate "2021.02.16"]
[EventType "tourn"]
[EventCountry "ARM"]
[SourceTitle "playchess.com"]
[Source "ChessBase"]
[SourceQuality "1"]

{[%evp 13,121,21,27,28,28,20,23,20,40,31,32,26,37,43,58,36,73,72,81,59,60,60,95,74,135,125,126,104,106,13,147,153,154,150,273,266,264,242,639,635,746,739,664,641,977,409,400,403,379,278,263,262,275,276,293,301,285,260,248,147,166,163,158,161,167,110,177,187,222,215,231,243,195,133,194,201,243,223,250,238,379,283,291,301,300,304,293,302,297,289,269,256,280,278,280,283,285,272,318,306,416,412,379,371,585,564,724,700,658,670]} 1. e4 e5 2. Nf3 Nc6 3. Bb5 a6 4. Ba4 Nf6 5. O-O Bc5 6. c3 O-O 7. d4 Ba7 8. Re1 {C78: Ruy Lopez: Archangelsk and Möller Defences.} b5 9. Bc2 d6 10. h3 {White has an edge.} h6 11. Be3 Re8 12. Nbd2 Bb7 13. a3 {[#]} Bb6 $146 ({Predecessor:} 13... Nb8 14. dxe5 dxe5 15. Bxa7 Rxa7 16. a4 Ra8 17. Qe2 c6 18. c4 b4 19. c5 Nbd7 {½-½ (51) Anand,V (2757)-Harikrishna,P (2731) Kolkata 2019}) 14. b4 Rb8 15. Nf1 d5 16. dxe5 Nxe4 17. Qd3 $1 Bxe3 (17... Nxe5 18. Nxe5 Rxe5 19. Bxb6 $16) 18. Rxe3 g6 (18... Ne7 $142) 19. Rd1 $16 Qe7 20. Bb3 Rbd8 21. Ng3 ({White should play} 21. Qb1 $16 Nb8 22. N1d2) 21... Ng5 (21... Kg7 $11 {keeps the balance.}) 22. Nxg5 $1 hxg5 23. e6 {[%cal Re6f7]} ({Worse is} 23. Bxd5 Nxe5 24. Qe4 Kf8 $1 $15) 23... f5 (23... Kg7 $16) 24. Nxf5 $18 (24. Bxd5 Nxb4 $1 {[%mdl 512]} 25. Nxf5 (25. cxb4 $2 Rxd5 26. Qf1 Rxd1 $19) 25... gxf5 $15) 24... gxf5 25. Qxf5 {aiming for Rg3!} Qg7 $2 (25... Rf8 26. Qg6+ Qg7 27. Qxg7+ Kxg7) 26. Rxd5 Ne7 27. Qf7+ $1 Kh8 28. Rd7 Bc6 29. Rxc7 (29. Qh5+ $142 Qh7 30. Qxg5) 29... Rc8 30. Ra7 Ra8 31. Rxa8 Rxa8 {[#]} 32. Qh5+ Qh7 33. Qxg5 {Strongly threatening Bc2!} Rg8 34. Qf6+ Qg7 35. Qh4+ Qh7 36. Qxh7+ Kxh7 37. f3 Kg6 38. Kf2 Kf6 39. Rd3 (39. c4 $18) 39... Ke5 (39... Rh8 $16 40. c4 bxc4 41. Bxc4 Bb5) 40. c4 bxc4 41. Bxc4 Bb5 42. Re3+ Kf6 43. Bb3 (43. Bxb5 $18 axb5 44. g4) 43... Nf5 (43... Rd8 $16 {was called for.}) 44. Re4 Rc8 45. e7 $1 Rc3 46. Re6+ Kg5 (46... Kg7 $142 47. Bd5 Rc2+ 48. Kg1 Rd2) 47. Re5 {Rxb5! is the strong threat.} Rxb3 {[#]} 48. Rxb5 {[%mdl 4608] Endgame KRN-KR} Rb2+ 49. Ke1 Rb1+ 50. Kd2 Rb2+ 51. Kd3 Rb3+ {[#]} 52. Kc4 $1 Re3 53. Ra5 Kf4 54. Rxa6 Nxe7 55. b5 {[%cal Bb4b5,Bb5b6,Bb6b7][%mdl 32]} Re2 56. Ra7 Nf5 57. g4 Nd6+ 58. Kc5 Rd2 (58... Nc8 {was worth a try.}) 59. b6 {White is clearly winning.} Ke5 {If only Black now had time for ...Rc2+....} 60. Re7+ Kf6 {[#]} 61. b7 $1 {[%mdl 512] Weighted Error Value: White=0.19/Black=0.34} 1-0

[Event "81st ARM-ch 2021"]
[Site "Yerevan"]
[Date "2021.02.22"]
[Round "6.2"]
[White "Hovhannisyan, Robert"]
[Black "Martirosyan, Haik M."]
[Result "1-0"]
[WhiteElo "2642"]
[BlackElo "2622"]
[Annotator "TA"]
[PlyCount "81"]
[EventDate "2021.02.16"]
[EventType "tourn"]
[EventCountry "ARM"]
[SourceTitle "playchess.com"]
[Source "ChessBase"]
[SourceQuality "1"]

{[%evp 17,81,33,37,3,29,1,1,4,31,-2,58,28,55,68,72,54,79,67,70,68,66,62,57,40,41,32,76,18,24,10,17,12,25,26,96,68,79,80,104,43,181,211,200,193,190,179,214,185,518,517,598,606,599,565,579,575,662,634,964,818,5389,5318,5230,5220,5114,4878]} 1. e4 {Praggnanandhaa} e5 2. Nf3 Nc6 3. Bb5 a6 4. Ba4 Nf6 5. O-O b5 6. Bb3 Bc5 7. a4 Rb8 8. c3 d6 9. d4 Bb6 10. a5 {now supersedes 10.axb5. C78: Ruy Lopez: Archangelsk and Möller Defences.} Ba7 ({Don't go for} 10... Bxa5 $2 11. dxe5 (11. d5 Ne7 $18) 11... dxe5 12. Qxd8+ Kxd8 13. Bd5 $18 (13. Bxf7 Bb6 $16)) 11. Be3 Bg4 12. Nbd2 {White wants to play dxe5.The position is equal.} O-O 13. h3 Bh5 ({Black should play} 13... exd4 $11 14. cxd4 Bc8) 14. Qe1 {[#]} Re8 $146 ({Predecessor:} 14... exd4 15. Nxd4 Nxd4 16. Bxd4 c5 17. Bxf6 Qxf6 18. Qe3 Rb7 19. Bd5 c4 20. Qg3 Rbb8 {½-½ (41) Saric,I (2685)-Praggnanandhaa,R (2529) Ortisei 2018 CBM 185 Extra [Praggnanandhaa]}) 15. dxe5 $1 dxe5 16. Nh4 Qd3 17. Bxa7 Nxa7 18. f3 c5 19. Qf2 Qd6 20. Rfd1 Qc7 21. Bd5 c4 {[#]} 22. Nf1 (22. b3 $1 $16) 22... Bg6 $11 23. b4 $36 {[%mdl 2048] White fights for an advantage.} cxb3 24. Bxb3 Nc8 25. Qa2 Qc5+ (25... Ne7 $11 {keeps the balance.}) 26. Kh2 $16 Rb7 27. Rd3 Nd6 28. Ne3 (28. Rad1 $16 Rd8 29. Ne3) 28... Rc7 {[#] This move loses the game for Black.} ({Black should try} 28... Ndxe4 $1 $14 29. Nxg6 (29. fxe4 Bxe4 30. Rad1 Bxd3 $17) 29... Nxc3) 29. Nd5 $1 $18 Nxd5 30. Rxd5 Qc6 31. Rad1 Nb7 32. c4 {Black must now prevent cxb5.} Rf8 $2 ({Of course not} 32... bxc4 33. Ba4 $18) (32... Qf6) 33. cxb5 {White is clearly winning.} axb5 34. a6 {[%cal Ba5a6,Ba6a7][%mdl 32]} Nc5 35. a7 Na4 36. Bxa4 bxa4 37. Rd8 Rc8 38. Rxc8 Rxc8 39. Qd5 {Qxc6 would kill now.} Qe8 40. Qd7 f6 41. Nxg6 {Weighted Error Value: White=0.10/Black=0.43} 1-0

[Event "81st ARM-ch 2021"]
[Site "Yerevan"]
[Date "2021.02.22"]
[Round "6.3"]
[White "Babujian, Levon"]
[Black "Pashikian, Arman"]
[Result "1/2-1/2"]
[WhiteElo "2455"]
[BlackElo "2606"]
[Annotator "TA"]
[PlyCount "33"]
[EventDate "2021.02.16"]
[EventType "tourn"]
[EventCountry "ARM"]
[SourceTitle "playchess.com"]
[Source "ChessBase"]
[SourceQuality "1"]

{[%evp 12,33,14,2,4,8,0,0,0,5,30,25,41,40,47,26,72,81,163,163,238,223,223,179]} 1. d4 Nf6 2. c4 e6 3. Nc3 Bb4 4. Nf3 d5 5. cxd5 exd5 6. Bg5 h6 7. Bh4 Bf5 {D38: Queen's Gambit Declined: Ragozin Defence (4 Nf3 Bb4).} 8. e3 Nbd7 9. Qb3 Ba5 {[#] The position is equal.} 10. Ne5 $146 ({Predecessor:} 10. Be2 c6 11. O-O Qb6 12. Nd2 O-O 13. Rfc1 Rfe8 14. a3 Qxb3 15. Nxb3 Bc7 16. Na4 {½-½ (68) Wang,Y (2718)-Wojtaszek,R (2727) Huaian 2016}) 10... g5 11. Bg3 O-O 12. Bd3 Ne4 13. Rd1 c5 {[#] Threatens to win with ...c4.} (13... Nxg3 $6 14. hxg3 Bxc3+ 15. bxc3 $16) 14. Nxd7 c4 ({Avoid the trap} 14... Bxd7 $2 15. Bxe4 c4 16. Qxb7 $18) (14... Qxd7 $16 15. dxc5 Nxc5 16. Bxf5 Qxf5 17. Rxd5 (17. Qxd5 Qxd5 18. Rxd5 Bxc3+ 19. bxc3 Ne4 $14) 17... Qb1+ 18. Rd1 Qf5) 15. Bxe4 $18 {White is clearly better.} cxb3 (15... dxe4 {was called for.} 16. Qxb7 (16. Qxc4 Qxd7 17. O-O Rac8 $14) 16... Bxc3+ 17. bxc3 Qxd7) 16. Bxf5 bxa2 {[#]} 17. O-O $1 {Weighted Error Value: White=0.03/Black=0.20} ({Resist} 17. Nxf8 $6 Qxf8 18. O-O Bxc3 $16) 1/2-1/2

[Event "81st ARM-ch 2021"]
[Site "Yerevan"]
[Date "2021.02.22"]
[Round "6.4"]
[White "Gabuzyan, Hovhannes"]
[Black "Ter-Sahakyan, Samvel"]
[Result "1/2-1/2"]
[WhiteElo "2557"]
[BlackElo "2640"]
[Annotator "TA"]
[PlyCount "133"]
[EventDate "2021.02.16"]
[EventType "tourn"]
[EventCountry "ARM"]
[SourceTitle "playchess.com"]
[Source "ChessBase"]
[SourceQuality "1"]

{[%evp 9,133,-46,-34,-39,-17,-25,-12,-22,-11,-54,-16,-18,-17,-54,-56,-61,0,-1,0,0,0,-3,54,57,58,50,73,65,71,62,61,60,74,60,60,60,54,46,51,47,55,56,51,37,37,39,114,114,110,104,112,98,122,92,116,108,118,122,120,110,104,111,89,0,0,0,0,0,0,0,0,0,0,0,0,0,0,-8,-3,-3,0,-10,0,0,0,0,0,0,0,0,0,0,0,0,0,0,0,0,0,0,0,0,0,0,0,0,0,0,0,0,0,0,0,0,0,0,0,0,0,0,0,0,0,0,0,0]} 1. f4 d5 2. g3 h5 3. Nf3 h4 4. Bg2 h3 5. Bf1 {[#]} g6 $146 ({Predecessor:} 5... Bf5 6. d3 Nf6 7. e3 c5 8. Qe2 Nc6 9. Nc3 e6 10. a3 a6 11. Qf2 Ng4 {0-1 (44) Chigaev,M (2615)-Vrolijk,L (2480) Chess.com INT 2020}) 6. d3 {A03: Bird's Opening with 1...d5.} Bg7 7. Nbd2 Nc6 8. c3 Nf6 9. Ng5 a5 10. Ndf3 a4 11. Ne5 Nxe5 12. fxe5 Ng4 (12... Nh7 $15 13. Nxh3 Bxe5) 13. e6 $1 $11 fxe6 {aiming for ...Qd6.} 14. Bxh3 e5 15. e4 $36 {[%mdl 2048] White has the initiative.} Nf6 (15... Qd7 $1 $11) 16. Bxc8 Qxc8 17. exd5 Nxd5 18. Qf3 Nf6 19. O-O O-O 20. Qe2 Ra5 21. Bd2 Qg4 22. Qxg4 Nxg4 23. Rxf8+ (23. h3 {seems wilder.} Rxf1+ 24. Kxf1 Nf6 25. h4 Rd5 26. Ke2) 23... Bxf8 24. c4 Ra6 25. Ne4 Nf6 26. Nf2 e4 27. dxe4 e5 {[#]} ({Better is} 27... Bg7 $14) 28. Be3 $1 $16 Kf7 29. Kf1 Ke6 30. Ke2 Be7 31. Rc1 Ra8 32. c5 c6 33. Rc4 Nd7 34. h4 Bf8 35. g4 Be7 36. g5 ({White should try} 36. h5 $16) 36... Rh8 $11 {The position is equal.} 37. Nd3 Rxh4 38. Rxa4 Rh2+ 39. Kf3 Rh3+ 40. Kf2 Bxg5 41. Bxg5 {[#] And now Ra3 would win.} Rxd3 {[%mdl 4096] Endgame KRB-KRN} 42. Be3 {Ke2 is the strong threat.} Nf6 43. Ke2 Rd7 44. Rb4 Nh5 45. a4 Rf7 46. a5 Nf4+ 47. Kd2 Rc7 48. Rb6 Kd7 49. b4 g5 50. Ke1 Ng2+ 51. Kf2 (51. Ke2 {feels hotter.} Nxe3 52. Kxe3 Kc8 53. Ke2 g4 54. Kf2) 51... Nxe3 52. Kxe3 {KR-KR} Kd8 53. a6 bxa6 54. Rb8+ Ke7 55. Kf3 a5 56. Kg4 axb4 57. Kf5 g4 58. Rxb4 Kf8 59. Rb8+ Kg7 60. Kxg4 {Strongly threatening Kf5.} Rf7 61. Rc8 Rf4+ 62. Kg5 Kf7 63. Rxc6 Ke7 64. Rh6 Rxe4 65. Kf5 Re1 66. Rh7+ Kd8 67. c6 {Weighted Error Value: White=0.05/Black=0.08} 1/2-1/2